000
00309nam a2200109Ia 4500
008
200302s9999 xx 000 0 und d
100
_a
William E. Coombs Esq.
245
_a
Construction Accounting & Financial Management 4th ed.
260
_b
Tata Mcgraw-Hill Publishing Co.
260
_c
1989
300
_a
597 P.,
999
_c
2004
_d
2004